Catálogo
 En Linea

Políticas y estratégias para la titulación de tierras en la República Dominicana. (Registro nro. 36969)

Detalles MARC
000 -CABECERA
campo de control de longitud fija 00302nam a2200097 a 4500
005 - FECHA Y HORA DE LA ÚLTIMA TRANSACCIÓN
campo de control 20200930080404.0
008 - DATOS DE LONGITUD FIJA--INFORMACIÓN GENERAL
campo de control de longitud fija 120420s1997 000 spa d
040 ## - FUENTE DE LA CATALOGACIÓN
Centro catalogador/agencia de origen DO-SdBNP
245 #0 - MENCIÓN DE TÍTULO
Título Políticas y estratégias para la titulación de tierras en la República Dominicana.
260 ## - PUBLICACIÓN, DISTRIBUCIÓN, ETC.
Lugar de publicación, distribución, etc. Santo Domingo,
Fecha de publicación, distribución, etc. 1997.

No hay ítems disponibles.

Con tecnología Koha